[Event "Titled Tuesday intern op 19th Sep Late"]
[Site "Chess.com INT"]
[Date "2023.09.19"]
[Round "6"]
[White "Crevatin, Leo"]
[Black "Kula, Robert"]
[Result "0-1"]
[WhiteElo "2292"]
[BlackElo "2284"]
[PlyCount "106"]
[EventDate "2023.09.19"]
[EventType "swiss (blitz)"]
[EventRounds "11"]
[EventCountry "USA"]
[SourceTitle "EXT 2024"]
[Source "ChessBase"]
[SourceDate "2023.10.10"]
[SourceVersion "1"]
[SourceVersionDate "2023.10.10"]
[SourceQuality "1"]

1. d4 d5 2. Bf4 c6 3. e3 Bf5 4. Bd3 Bg6 5. Nf3 Nd7 6. 0-0 Ngf6 7. c4 e6 8. Nc3 Be7 9. Ne5 Nh5 10. Nxd7 Qxd7 11. Be5 Bxd3 12. Qxd3 f6 13. Bg3 Nxg3 14. hxg3 0-0 15. e4 f5 16. exd5 exd5 17. cxd5 cxd5 18. Rfe1 f4 19. gxf4 Rxf4 20. Re5 Bf6 21. Rxd5 Qf7 22. Rf5 Rxf5 23. Qxf5 Bxd4 24. Qxf7+ Kxf7 25. Ne2 Bf6 26. Rc1 Re8 27. Kf1 Bxb2 28. Rb1 Rd8 29. Ke1 Ba3 30. Rxb7+ Kg8 31. Ng3 a5 32. Ne4 Re8 33. f3 Rc8 34. Kd2 Bb4+ 35. Kd3 h6 36. Ng3 Rc3+ 37. Kd4 Rc2 38. Nf5 Rxg2 39. a4 Rg5 40. Ke4 Bd2 41. Rc7 Kh7 42. Rd7 Bb4 43. f4 Rg1 44. Nd4 Re1+ 45. Kf5 Rd1 46. Ke4 Bc3 47. Rd5 Bxd4 48. Rxd4 Rxd4+ 49. Kxd4 h5 50. Ke4 Kg6 51. Kf3 Kf5 52. Kg3 g6 53. Kf3 h4 0-1

[Event "Titled Tuesday intern op 19th Sep Late"]
[Site "Chess.com INT"]
[Date "2023.09.19"]
[Round "4"]
[White "Kula, Robert"]
[Black "Souleidis, Georgios"]
[Result "0-1"]
[WhiteElo "2284"]
[BlackElo "2419"]
[PlyCount "100"]
[EventDate "2023.09.19"]
[EventType "swiss (blitz)"]
[EventRounds "11"]
[EventCountry "USA"]
[SourceTitle "EXT 2024"]
[Source "ChessBase"]
[SourceDate "2023.10.10"]
[SourceVersion "1"]
[SourceVersionDate "2023.10.10"]
[SourceQuality "1"]

1. e4 c5 2. c4 Nc6 3. Nc3 g6 4. d3 Bg7 5. Be3 d6 6. f4 Nf6 7. h3 0-0 8. Nf3 Ne8 9. Be2 Nc7 10. 0-0 Ne6 11. a3 Ned4 12. Kh2 a6 13. Rb1 Rb8 14. Nd5 e6 15. Nc3 b5 16. Nd2 Nxe2 17. Qxe2 Nd4 18. Bxd4 Bxd4 19. Nd1 Bg7 20. Ne3 bxc4 21. Ndxc4 d5 22. Ne5 Qd6 23. N5g4 h5 24. e5 Qd8 25. Nf2 a5 26. Rfc1 Qb6 27. b3 Ba6 28. g3 Rfc8 29. h4 Qb5 30. Qd2 Bf8 31. Ned1 a4 32. Nc3 Qd7 33. Nxa4 Bb5 34. Nc3 Bc6 35. d4 cxd4 36. Qxd4 Bxa3 37. Rd1 Be7 38. Nce4 Qd8 39. Nf6+ Kg7 40. g4 Bxf6 41. exf6+ Qxf6 42. Qxf6+ Kxf6 43. gxh5 gxh5 44. Nd3 Rg8 45. Ne5 Rb6 46. Rbc1 Bb5 47. Rc7 Rg7 48. Rd2 Kf5 49. Nxf7 Kxf4 50. Nd6 Ke3 0-1

[Event "Titled Tuesday intern op 19th Sep Late"]
[Site "Chess.com INT"]
[Date "2023.09.19"]
[Round "9"]
[White "Kula, Robert"]
[Black "Swicarz, Maciej"]
[Result "0-1"]
[WhiteElo "2284"]
[BlackElo "2261"]
[PlyCount "130"]
[EventDate "2023.09.19"]
[EventType "swiss (blitz)"]
[EventRounds "11"]
[EventCountry "USA"]
[SourceTitle "EXT 2024"]
[Source "ChessBase"]
[SourceDate "2023.10.10"]
[SourceVersion "1"]
[SourceVersionDate "2023.10.10"]
[SourceQuality "1"]

1. d4 Nf6 2. c4 e6 3. Nc3 Bb4 4. e3 c5 5. Bd3 cxd4 6. exd4 d5 7. Nge2 Nc6 8. 0-0 0-0 9. Bg5 dxc4 10. Bxc4 Be7 11. Rc1 Nb4 12. a3 Nbd5 13. Bd3 b6 14. Nxd5 Nxd5 15. Bxe7 Qxe7 16. Nc3 Bb7 17. Qh5 g6 18. Qh6 Qf6 19. Rfd1 Nf4 20. Be4 Ne2+ 21. Nxe2 Bxe4 22. Ng3 Bd5 23. Nh5 Qh8 24. Nf4 Rfd8 25. Rc7 a5 26. Rd3 Rac8 27. Nxd5 exd5 28. Qf4 Qg7 29. h4 Re8 30. Rdc3 Rxc7 31. Rxc7 h5 32. Kh2 Re6 33. f3 Re8 34. Rd7 Re2 35. Rxd5 Rxb2 36. Rd8+ Kh7 37. Rd7 Kg8 38. Rd8+ Kh7 39. Rd7 Kg8 40. Qb8+ Kh7 41. Qc7 Kg8 42. Qd8+ Qf8 43. Qf6 Qg7 44. Rd8+ Kh7 45. Qd6 Rd2 46. Rd7 Kg8 47. Qf4 Rd3 48. Qb8+ Kh7 49. Qxb6 Rxa3 50. Qc7 Kg8 51. Qd8+ Kh7 52. Qe7 Rd3 53. Qxf7 Qxf7 54. Rxf7+ Kg8 55. Ra7 Rxd4 56. Rxa5 Rxh4+ 57. Kg3 Rb4 58. Ra6 Kg7 59. Rc6 Kh6 60. Rd6 Kg5 61. Rc6 h4+ 62. Kh3 Kh5 63. Rc5+ g5 64. Rf5 Rb1 65. f4 Rh1# 0-1

[Event "Titled Tuesday intern op 19th Sep Late"]
[Site "Chess.com INT"]
[Date "2023.09.19"]
[Round "1"]
[White "Kula, Robert"]
[Black "Toncheva, Nadya"]
[Result "1-0"]
[WhiteElo "2284"]
[BlackElo "2253"]
[PlyCount "93"]
[EventDate "2023.09.19"]
[EventType "swiss (blitz)"]
[EventRounds "11"]
[EventCountry "USA"]
[SourceTitle "EXT 2024"]
[Source "ChessBase"]
[SourceDate "2023.10.10"]
[SourceVersion "1"]
[SourceVersionDate "2023.10.10"]
[SourceQuality "1"]

1. e4 c5 2. Nf3 Nc6 3. d4 cxd4 4. Nxd4 g6 5. Nc3 Bg7 6. Be3 Nf6 7. Be2 0-0 8. 0-0 d5 9. exd5 Nxd5 10. Nxd5 Qxd5 11. Bf3 Qd7 12. Nxc6 bxc6 13. c3 Rb8 14. Qc2 Qc7 15. Be4 Be6 16. b3 Bd5 17. Rac1 Qa5 18. Bd3 Rfd8 19. c4 Be6 20. Be4 Rbc8 21. h3 f5 22. Bf3 Bf7 23. Rfd1 Qc7 24. Bc5 e5 25. Rxd8+ Rxd8 26. Rd1 e4 27. Be2 a5 28. Rxd8+ Qxd8 29. Qd1 Qxd1+ 30. Bxd1 Bc3 31. Kf1 Kg7 32. Ke2 Kf6 33. Bb6 Ke5 34. Bc2 g5 35. f3 exf3+ 36. gxf3 h5 37. Bc7+ Ke6 38. Bd8 g4 39. fxg4 hxg4 40. hxg4 fxg4 41. Kf2 Be5 42. Bxa5 g3+ 43. Kg2 c5 44. Be1 Bd4 45. Be4 Bh5 46. Bxg3 Bg6 47. Bd5+ 1-0

[Event "Titled Tuesday intern op 19th Sep Late"]
[Site "Chess.com INT"]
[Date "2023.09.19"]
[Round "11"]
[White "Mahitosh, Dey"]
[Black "Kula, Robert"]
[Result "1-0"]
[WhiteElo "2232"]
[BlackElo "2284"]
[PlyCount "107"]
[EventDate "2023.09.19"]
[EventType "swiss (blitz)"]
[EventRounds "11"]
[EventCountry "USA"]
[SourceTitle "EXT 2024"]
[Source "ChessBase"]
[SourceDate "2023.10.10"]
[SourceVersion "1"]
[SourceVersionDate "2023.10.10"]
[SourceQuality "1"]

1. e4 g6 2. d4 Bg7 3. Nf3 d6 4. Nc3 Nd7 5. Be2 e5 6. dxe5 dxe5 7. 0-0 c6 8. b3 Qc7 9. Ba3 Qa5 10. Nb1 c5 11. c4 Ne7 12. Bb2 0-0 13. Nc3 Nc6 14. Nd5 Nd4 15. Bc3 Qd8 16. a3 b6 17. b4 Bb7 18. Nd2 Nf6 19. Kh1 Nxd5 20. exd5 Rc8 21. Rc1 Qe7 22. Bd3 f5 23. Bb1 e4 24. Nb3 Nxb3 25. Qxb3 Bxc3 26. Rxc3 cxb4 27. axb4 Qf6 28. c5 Qe5 29. Rd1 Kg7 30. c6 Ba6 31. d6 Bb5 32. d7 Ra8 33. c7 Bxd7 34. Rxd7+ Kh8 35. Rh3 h5 36. Qc3 Qxc3 37. Rxc3 Rac8 38. g3 Kg8 39. Ba2+ Kh8 40. Be6 Rf6 41. Rd8+ Kg7 42. Rxc8 Rxe6 43. Rg8+ Kxg8 44. c8Q+ Kf7 45. Rc7+ Re7 46. Rxe7+ Kxe7 47. Qc7+ Kf6 48. Qxa7 Kg5 49. Qxb6 h4 50. gxh4+ Kxh4 51. Qxg6 f4 52. Qf5 e3 53. Qxf4+ Kh3 54. Qg3# 1-0

[Event "Titled Tuesday intern op 12th Sep Early"]
[Site "Chess.com INT"]
[Date "2023.09.12"]
[Round "5"]
[White "Cieslak, Patryk"]
[Black "Kula, Robert"]
[Result "0-1"]
[WhiteElo "2299"]
[BlackElo "2284"]
[PlyCount "174"]
[EventDate "2023.09.12"]
[EventType "swiss (blitz)"]
[EventRounds "11"]
[EventCountry "USA"]
[SourceTitle "EXT 2024"]
[Source "ChessBase"]
[SourceDate "2023.10.10"]
[SourceVersion "1"]
[SourceVersionDate "2023.10.10"]
[SourceQuality "1"]

1. e4 c5 2. Nf3 Nc6 3. d4 cxd4 4. Nxd4 g6 5. Nc3 Bg7 6. Be3 Nf6 7. Bc4 0-0 8. f3 d6 9. Qd2 Bd7 10. Bb3 a5 11. Nxc6 Bxc6 12. a4 Rc8 13. 0-0 Nd7 14. Rab1 Nc5 15. Bxc5 dxc5 16. Qe2 Qd4+ 17. Kh1 c4 18. Bxc4 Bxa4 19. Bd5 Bc6 20. Rfd1 Qc5 21. Bxc6 Rxc6 22. Nd5 e6 23. Ne3 Bh6 24. Ng4 Bg7 25. Ne3 Bd4 26. Nf1 Be5 27. c3 b5 28. g3 b4 29. cxb4 axb4 30. f4 Bg7 31. e5 Rfc8 32. Kg2 Bf8 33. Rd2 h6 34. Rbd1 Qc4 35. Qf3 Kg7 36. Ne3 Qb5 37. Ng4 Be7 38. Nf2 R6c7 39. Ne4 Qb7 40. Re2 Rc2 41. Rdd2 b3 42. Nf2 Qxf3+ 43. Kxf3 Bb4 44. Rd4 Rxe2 45. Kxe2 Rc2+ 46. Kf3 Bc5 47. Rd7 Rxf2+ 48. Ke4 Rxb2 49. Rb7 Bg1 50. h3 Bh2 51. g4 Re2+ 52. Kf3 Rb2 53. Ke4 Bg1 54. f5 gxf5+ 55. gxf5 exf5+ 56. Kxf5 Rf2+ 57. Kg4 b2 58. e6 Kf8 59. e7+ Ke8 60. Kg3 Rc2 61. Kf3 Bd4 62. Ke4 Bf6 63. Kd3 Rc1 64. Rb8+ Kxe7 65. Rb7+ Kf8 66. Rb8+ Kg7 67. Rb4 b1Q+ 68. Rxb1 Rxb1 69. Ke4 Rb5 70. Kf3 Rg5 71. Kf4 Rg1 72. Kf3 h5 73. Ke4 h4 74. Kf5 Rg3 75. Kf4 Rxh3 76. Kg4 Rg3+ 77. Kf4 Kg6 78. Ke4 Kg5 79. Kd5 Rg4 80. Kc6 h3 81. Kd7 h2 82. Ke8 h1Q 83. Kf8 Qa8+ 84. Kxf7 Qd5+ 85. Kf8 Qd8+ 86. Kf7 Qe7+ 87. Kg8 Qg7# 0-1

[Event "Titled Tuesday intern op 12th Sep Early"]
[Site "Chess.com INT"]
[Date "2023.09.12"]
[Round "2"]
[White "Kula, Robert"]
[Black "Harriott, Tyrell"]
[Result "1-0"]
[WhiteElo "2284"]
[BlackElo "1778"]
[PlyCount "47"]
[EventDate "2023.09.12"]
[EventType "swiss (blitz)"]
[EventRounds "11"]
[EventCountry "USA"]
[SourceTitle "EXT 2024"]
[Source "ChessBase"]
[SourceDate "2023.10.10"]
[SourceVersion "1"]
[SourceVersionDate "2023.10.10"]
[SourceQuality "1"]

1. d4 e6 2. e4 d5 3. exd5 exd5 4. Bd3 f5 5. Nf3 Nf6 6. 0-0 Bd6 7. Re1+ Ne4 8. c4 c6 9. Nc3 0-0 10. cxd5 cxd5 11. Nxd5 Bxh2+ 12. Nxh2 Qxd5 13. Nf3 Nc6 14. Be3 Kh8 15. Rc1 b5 16. Bf4 Nxd4 17. Bxe4 fxe4 18. Qxd4 Qf5 19. Be5 exf3 20. Bxg7+ Kg8 21. Bxf8 Qg6 22. g3 Kxf8 23. Qd8+ Kf7 24. Rc7+ 1-0

[Event "Titled Tuesday intern op 12th Sep Late"]
[Site "Chess.com INT"]
[Date "2023.09.12"]
[Round "9"]
[White "Kula, Robert"]
[Black "Hoffmann, Asa"]
[Result "0-1"]
[WhiteElo "2284"]
[BlackElo "2185"]
[PlyCount "78"]
[EventDate "2023.09.12"]
[EventType "swiss (blitz)"]
[EventRounds "11"]
[EventCountry "USA"]
[SourceTitle "EXT 2024"]
[Source "ChessBase"]
[SourceDate "2023.10.10"]
[SourceVersion "1"]
[SourceVersionDate "2023.10.10"]
[SourceQuality "1"]

1. d4 Nf6 2. c4 c5 3. d5 e5 4. Nc3 d6 5. e4 Be7 6. Bd3 Nbd7 7. Nge2 Nf8 8. 0-0 Ng6 9. f4 Bg4 10. f5 Nf8 11. Qa4+ N8d7 12. Ng3 h5 13. Be2 h4 14. Bxg4 hxg3 15. h3 Nxg4 16. hxg4 Bg5 17. f6 Bxf6 18. Nb5 Be7 19. Rf3 a6 20. Nc3 Bh4 21. Bd2 f6 22. Be1 Ke7 23. Bxg3 Bxg3 24. Rxg3 Nf8 25. Nd1 Ng6 26. Ne3 Nf4 27. Nf5+ Kf7 28. Kf2 g6 29. Ne3 b5 30. cxb5 axb5 31. Qc2 c4 32. a3 Qb6 33. Rf1 Qd4 34. Ke1 b4 35. axb4 Ra1+ 36. Kf2 Nd3+ 37. Ke2 Rxf1 38. Kxf1 Rh1+ 39. Ke2 Nf4+ 0-1

[Event "Titled Tuesday intern op 12th Sep Early"]
[Site "Chess.com INT"]
[Date "2023.09.12"]
[Round "11"]
[White "Kula, Robert"]
[Black "Lesbekova, Asel"]
[Result "1-0"]
[WhiteElo "2284"]
[BlackElo "1805"]
[PlyCount "67"]
[EventDate "2023.09.12"]
[EventType "swiss (blitz)"]
[EventRounds "11"]
[EventCountry "USA"]
[SourceTitle "EXT 2024"]
[Source "ChessBase"]
[SourceDate "2023.10.10"]
[SourceVersion "1"]
[SourceVersionDate "2023.10.10"]
[SourceQuality "1"]

1. d4 d5 2. c4 e6 3. Nc3 a6 4. e3 dxc4 5. Bxc4 b5 6. Qf3 Ra7 7. Bd3 Nf6 8. Qe2 c5 9. dxc5 Bxc5 10. Nf3 0-0 11. 0-0 Nc6 12. Rd1 Rd7 13. a3 Bb7 14. b4 Be7 15. Bb2 h6 16. Ne4 Nd5 17. Rac1 Rc7 18. Nc5 Bf6 19. Nxb7 Rxb7 20. Rxc6 Bxb2 21. Qxb2 Rd7 22. Ne5 Rd6 23. Rxd6 Qxd6 24. Bb1 Qe7 25. Qc2 Nf6 26. Rd7 Qe8 27. Ng4 Ne4 28. Qxe4 f5 29. Qd4 Qg6 30. Ne5 Qh5 31. Ba2 Kh7 32. Bxe6 Rc8 33. Nc6 Qg5 34. Bxf5+ 1-0

[Event "Titled Tuesday intern op 12th Sep Late"]
[Site "Chess.com INT"]
[Date "2023.09.12"]
[Round "11"]
[White "Kula, Robert"]
[Black "Van Baar, Esper"]
[Result "1-0"]
[WhiteElo "2284"]
[BlackElo "2176"]
[PlyCount "49"]
[EventDate "2023.09.12"]
[EventType "swiss (blitz)"]
[EventRounds "11"]
[EventCountry "USA"]
[SourceTitle "EXT 2024"]
[Source "ChessBase"]
[SourceDate "2023.10.10"]
[SourceVersion "1"]
[SourceVersionDate "2023.10.10"]
[SourceQuality "1"]

1. d4 g6 2. h4 h5 3. e4 d5 4. exd5 Qxd5 5. c4 Qd8 6. Nc3 Nf6 7. Be3 Bg7 8. Bd3 Nbd7 9. Nge2 b6 10. f3 e6 11. Qc2 0-0 12. 0-0-0 Qe7 13. Bg5 Bb7 14. Rdf1 c5 15. g4 cxd4 16. Ne4 Qb4 17. Nxf6+ Nxf6 18. Bxf6 Bxf6 19. gxh5 gxh5 20. Rhg1+ Kh8 21. a3 Qa5 22. Kb1 Rg8 23. Qc1 Rg7 24. Qh6+ Kg8 25. Qxf6 1-0

[Event "Titled Tuesday intern op 12th Sep Early"]
[Site "Chess.com INT"]
[Date "2023.09.12"]
[Round "1"]
[White "Santos Flores, Alberto Javier"]
[Black "Kula, Robert"]
[Result "1-0"]
[WhiteElo "2198"]
[BlackElo "2284"]
[PlyCount "101"]
[EventDate "2023.09.12"]
[EventType "swiss (blitz)"]
[EventRounds "11"]
[EventCountry "USA"]
[SourceTitle "EXT 2024"]
[Source "ChessBase"]
[SourceDate "2023.10.10"]
[SourceVersion "1"]
[SourceVersionDate "2023.10.10"]
[SourceQuality "1"]

1. e4 c5 2. Nf3 Nc6 3. Nc3 e5 4. Bc4 d6 5. d3 h6 6. Nd2 a6 7. a4 Be7 8. Nf1 Bg5 9. Ne3 Be6 10. Ned5 Nge7 11. 0-0 Bxd5 12. Nxd5 Bxc1 13. Rxc1 Nxd5 14. Bxd5 g5 15. g3 Qd7 16. f4 gxf4 17. gxf4 0-0-0 18. Qh5 f6 19. Kh1 Ne7 20. Bb3 Kb8 21. fxe5 fxe5 22. Rf7 Rdf8 23. Rcf1 Qe8 24. Rxf8 Rxf8 25. Qxe8+ Rxe8 26. Rf6 Kc7 27. Rxh6 b5 28. Rh7 Kb6 29. h4 Ng6 30. Bf7 Nf8 31. Bxe8 Nxh7 32. axb5 axb5 33. h5 Nf6 34. h6 d5 35. Bg6 d4 36. h7 Nxh7 37. Bxh7 c4 38. Kg2 b4 39. dxc4 Kc5 40. b3 d3 41. cxd3 Kd4 42. Bg8 Kc3 43. c5 Kxd3 44. c6 Kxe4 45. c7 Kd4 46. c8Q e4 47. Qc4+ Ke3 48. Bh7 Kd2 49. Qxe4 Kd1 50. Kf2 Kd2 51. Qc2# 1-0

[Event "Titled Tuesday intern op 29th Aug Early"]
[Site "Chess.com INT"]
[Date "2023.08.29"]
[Round "6"]
[White "Toncheva, Nadya"]
[Black "Kula, Robert"]
[Result "0-1"]
[WhiteElo "2253"]
[BlackElo "2284"]
[PlyCount "62"]
[EventDate "2023.08.29"]
[EventType "swiss (blitz)"]
[EventRounds "11"]
[EventCountry "USA"]
[SourceTitle "EXT 2024"]
[Source "ChessBase"]
[SourceDate "2023.10.10"]
[SourceVersion "1"]
[SourceVersionDate "2023.10.10"]
[SourceQuality "1"]

1. d4 d5 2. c4 c6 3. Nc3 Nf6 4. e3 g6 5. Nf3 Bg7 6. cxd5 cxd5 7. Be2 0-0 8. 0-0 Nc6 9. Bd2 a6 10. Rc1 Bg4 11. h3 Bf5 12. Na4 Ne4 13. Be1 Rc8 14. Nd2 e5 15. Nxe4 Bxe4 16. dxe5 Bxe5 17. Bc3 Bb8 18. b3 b5 19. Nb2 b4 20. Bd4 Nxd4 21. Qxd4 Qg5 22. Bg4 f5 23. f4 Qe7 24. Be2 Ba7 25. Qd2 a5 26. Kh1 Qf6 27. Nd3 Rc3 28. Ne5 Bxe3 29. Rxc3 Bxd2 30. Rc6 Qh4 31. Kh2 Bxf4+ 0-1

[Event "Titled Tuesday intern op 22nd Aug Early"]
[Site "Chess.com INT"]
[Date "2023.08.22"]
[Round "9"]
[White "Korol, Dimitry"]
[Black "Kula, Robert"]
[Result "0-1"]
[WhiteElo "2287"]
[BlackElo "2284"]
[PlyCount "80"]
[EventDate "2023.08.22"]
[EventType "swiss (blitz)"]
[EventRounds "11"]
[EventCountry "USA"]
[SourceTitle "EXT 2024"]
[Source "ChessBase"]
[SourceDate "2023.10.10"]
[SourceVersion "1"]
[SourceVersionDate "2023.10.10"]
[SourceQuality "1"]

1. d4 d5 2. c4 c6 3. Nc3 Nf6 4. e3 g6 5. Nf3 Bg7 6. h3 0-0 7. Bd3 Bf5 8. Ne5 Bxd3 9. Qxd3 Nbd7 10. f4 dxc4 11. Qxc4 Nb6 12. Qb3 a5 13. a4 Nfd5 14. 0-0 e6 15. e4 Nb4 16. Be3 Nd7 17. Rad1 Nxe5 18. fxe5 Qe7 19. Rf3 Rad8 20. Rdf1 h6 21. Na2 Nxa2 22. Qxa2 Qb4 23. b3 c5 24. dxc5 Qxe4 25. Bf4 Rd5 26. Qf2 Qd4 27. Be3 Qxe5 28. Rxf7 Rxf7 29. Qxf7+ Kh7 30. Bf4 Qd4+ 31. Kh1 Qxc5 32. Bg3 Rf5 33. Rxf5 exf5 34. Qxb7 Qc1+ 35. Kh2 f4 36. Bf2 Qd2 37. Bc5 Kg8 38. Qc8+ Kh7 39. Qc7 Qc3 40. Qb6 Qf6 0-1

[Event "Titled Tuesday intern op 22nd Aug Late"]
[Site "Chess.com INT"]
[Date "2023.08.22"]
[Round "7"]
[White "Kula, Robert"]
[Black "Fernandez, Maria Florencia"]
[Result "1-0"]
[WhiteElo "2284"]
[BlackElo "2060"]
[PlyCount "95"]
[EventDate "2023.08.22"]
[EventType "swiss (blitz)"]
[EventRounds "11"]
[EventCountry "USA"]
[SourceTitle "EXT 2024"]
[Source "ChessBase"]
[SourceDate "2023.10.10"]
[SourceVersion "1"]
[SourceVersionDate "2023.10.10"]
[SourceQuality "1"]

1. e4 c5 2. Nf3 d6 3. d4 cxd4 4. Nxd4 Nf6 5. Nc3 g6 6. Bc4 Bg7 7. 0-0 0-0 8. Bg5 h6 9. Bh4 Nc6 10. Nb3 Ne5 11. Be2 Be6 12. f4 Nc4 13. Bxc4 Bxc4 14. Re1 a5 15. Qf3 a4 16. Nd4 Qb6 17. Bf2 Qa5 18. e5 dxe5 19. Rxe5 Qb4 20. b3 axb3 21. cxb3 Ba6 22. a3 Qd6 23. Ncb5 Bxb5 24. Nxb5 Qd2 25. Rd1 Qb2 26. Bd4 Qc2 27. Rc1 Rac8 28. Rxc2 Rxc2 29. h3 e6 30. Rc5 Rd2 31. Be5 Nd5 32. Bxg7 Kxg7 33. Nc7 Rd8 34. Nxd5 R8xd5 35. Rxd5 Rxd5 36. Qc3+ Kh7 37. Qc7 Rf5 38. g4 Rf6 39. Kg2 g5 40. fxg5 hxg5 41. Qxb7 Kg6 42. a4 Rf4 43. a5 Rd4 44. a6 Rd2+ 45. Kf3 f5 46. gxf5+ exf5 47. a7 Kh5 48. Qh7# 1-0

[Event "Titled Tuesday intern op 22nd Aug Late"]
[Site "Chess.com INT"]
[Date "2023.08.22"]
[Round "3"]
[White "Kula, Robert"]
[Black "Gorovets, Andrey"]
[Result "0-1"]
[WhiteElo "2284"]
[BlackElo "2463"]
[PlyCount "102"]
[EventDate "2023.08.22"]
[EventType "swiss (blitz)"]
[EventRounds "11"]
[EventCountry "USA"]
[SourceTitle "EXT 2024"]
[Source "ChessBase"]
[SourceDate "2023.10.10"]
[SourceVersion "1"]
[SourceVersionDate "2023.10.10"]
[SourceQuality "1"]

1. d4 Nf6 2. c4 e6 3. Nf3 b6 4. Nc3 Bb4 5. e3 Ne4 6. Qc2 Bb7 7. Bd3 f5 8. 0-0 Bxc3 9. bxc3 0-0 10. a4 c5 11. a5 Rf6 12. axb6 axb6 13. Rxa8 Bxa8 14. Nd2 Rh6 15. Bxe4 fxe4 16. f4 exf3 17. Nxf3 Rf6 18. e4 h6 19. Be3 Nc6 20. dxc5 bxc5 21. Bxc5 Qc7 22. Be3 Ne5 23. Bd4 Nxf3+ 24. Rxf3 Rxf3 25. gxf3 e5 26. Qa2 Bc6 27. Bc5 Kh7 28. Bf2 Qd8 29. Kf1 Qf6 30. Ke2 d6 31. Qd2 Be8 32. Qe3 Bh5 33. Bg3 Qe6 34. Kd3 Bf7 35. Kd2 Qxc4 36. f4 Qa2+ 37. Ke1 exf4 38. Bxf4 d5 39. e5 Be6 40. Qd3+ Kg8 41. Be3 Qxh2 42. Bd4 Qh1+ 43. Kd2 Qg2+ 44. Kc1 Qg4 45. Qb5 h5 46. Qc6 h4 47. Qa8+ Kh7 48. Qa6 h3 49. Qd3+ Bf5 50. Qd2 Qe4 51. Bg1 Qb1# 0-1

[Event "Titled Tuesday intern op 15th Aug Late"]
[Site "Chess.com INT"]
[Date "2023.08.15"]
[Round "8"]
[White "Kula, Robert"]
[Black "Bold, Andre"]
[Result "1-0"]
[WhiteElo "2284"]
[BlackElo "2194"]
[PlyCount "97"]
[EventDate "2023.08.15"]
[EventType "swiss (blitz)"]
[EventRounds "11"]
[EventCountry "USA"]
[SourceTitle "EXT 2024"]
[Source "ChessBase"]
[SourceDate "2023.10.10"]
[SourceVersion "1"]
[SourceVersionDate "2023.10.10"]
[SourceQuality "1"]

1. d4 Nf6 2. c4 c6 3. Nc3 d5 4. Bf4 dxc4 5. e3 b5 6. a4 Qb6 7. Nf3 e6 8. h3 Nd5 9. Nxd5 cxd5 10. Be2 b4 11. 0-0 Bd6 12. a5 Qd8 13. Bxd6 Qxd6 14. Ne5 Nc6 15. f4 0-0 16. Qe1 Rb8 17. Ra4 b3 18. g4 f6 19. Nxc6 Qxc6 20. Ra3 Bd7 21. Qc3 Qd6 22. Kg2 Rbe8 23. e4 e5 24. dxe5 fxe5 25. f5 Bb5 26. Rd1 d4 27. Bxc4+ Bxc4 28. Qxc4+ Kh8 29. Rxb3 Rc8 30. Qe2 h6 31. Kg1 Rb8 32. Qc4 Rxb3 33. Qxb3 Rb8 34. Qc2 Qb4 35. Qc7 Qxb2 36. Qxe5 Rd8 37. f6 Rg8 38. f7 Rf8 39. Qe7 Qb8 40. Rxd4 Qg3+ 41. Kf1 Qf3+ 42. Ke1 Qe3+ 43. Kf1 Qb3 44. Qxf8+ Kh7 45. Qg8+ Kg6 46. f8Q Qb1+ 47. Kg2 Qb2+ 48. Kg3 Qxd4 49. Qf5# 1-0

[Event "Titled Tuesday intern op 15th Aug Early"]
[Site "Chess.com INT"]
[Date "2023.08.15"]
[Round "8"]
[White "Kula, Robert"]
[Black "Floresvillar Gonzalez, Luis Miguel"]
[Result "1-0"]
[WhiteElo "2284"]
[BlackElo "2019"]
[PlyCount "75"]
[EventDate "2023.08.15"]
[EventType "swiss (blitz)"]
[EventRounds "11"]
[EventCountry "USA"]
[SourceTitle "EXT 2024"]
[Source "ChessBase"]
[SourceDate "2023.10.10"]
[SourceVersion "1"]
[SourceVersionDate "2023.10.10"]
[SourceQuality "1"]

1. d4 d5 2. c4 c6 3. Nc3 Nf6 4. Nf3 g6 5. Bf4 Bg7 6. e3 0-0 7. h3 Nbd7 8. c5 b6 9. b4 a5 10. a3 axb4 11. axb4 Rxa1 12. Qxa1 bxc5 13. bxc5 Ne4 14. Bd3 Ndxc5 15. Be2 Nxc3 16. Qxc3 Ne4 17. Qb4 Bd7 18. 0-0 Re8 19. Rc1 f6 20. Bd3 e5 21. Bh2 exd4 22. Nxd4 c5 23. Rxc5 Nxc5 24. Qxc5 Be6 25. Bb5 Bf8 26. Qc6 Bf7 27. Bc7 Qc8 28. Qb6 Re7 29. Bd8 Rb7 30. Qxf6 Bg7 31. Qc6 Rxb5 32. Qxc8 Rb1+ 33. Kh2 Be5+ 34. f4 Rb8 35. Qd7 Bg7 36. Ne6 Bxe6 37. Qxe6+ Kh8 38. Qe8+ 1-0